Managing with wisdom /

Bibliographic Details
Main Author: GROSSMAN, Jack H.
Format: Book
Published: Kuala Lumpur: Syarikat First Agency, 1996.
Edition:1st ed..
Subjects:
LEADER 00652cam a2200229 7i4500
001 0000053538
005 20151104090000.0
005 ##20151104172200.0
003 ##MY-KlINT
020 # # |a 9839156128  
039 # 9 |y 201511041722  |z VLOAD 
090 0 0 |a 658.3 GRO  
100 1 # |a GROSSMAN, Jack H. 
245 1 0 |a Managing with wisdom /   |c Jack H. Grossman.. 
250 # # |a 1st ed.. 
260 # # |a Kuala Lumpur:   |b Syarikat First Agency,   |c 1996. 
300 # # |a 160p; 23cm. 
600 0 0 |a Personnel management. 
996 |a ikwas2000.out 
997 |a 3000009773  |b IKWS  |c MNF  |d BOK 
998 |a 0000000467 
999 |a 3000009773  |b BOOK  |c Main Non-Fiction  |e INTAN Kampus Wilayah Selatan